New Unesco source book for science teaching (Record no. 78798)

MARC details
000 -LEADER
fixed length control field 00813nam a2200169 a 4500
008 - FIXED-LENGTH DATA ELEMENTS--GENERAL INFORMATION
fixed length control field 120416s0000 ||||||||||||||||| || u
020 ## - INTERNATIONAL STANDARD BOOK NUMBER
International Standard Book Number 0435936786
050 ## - LIBRARY OF CONGRESS CALL NUMBER
Classification number Q 181 Uni
245 10 - TITLE STATEMENT
Title New Unesco source book for science teaching
246 ## -
-- UNESCO
260 ## - PUBLICATION, DISTRIBUTION, ETC.
Place of publication, distribution, etc. Oxford
Name of publisher, distributor, etc. Heinemann
Date of publication, distribution, etc. 1975
300 ## - PHYSICAL DESCRIPTION
Extent 270p. : ill.
350 ## -
-- 0.00
995 ## -
-- MAIN LIBRARY OPEN ACCESS
-- 0.00
-- 728267
-- CBU-MAIN LIBRARY (Kitwe)
-- 1
-- 9.75
-- Q 181 Uni
-- 1
-- AVAILABLE
-- 026113
-- Main Library Open Access Collection
995 ## -
-- MAIN LIBRARY OPEN ACCESS
-- 0.00
-- 728268
-- CBU-MAIN LIBRARY (Kitwe)
-- 2
-- 9.75
-- Q 181 Uni
-- 2
-- AVAILABLE
-- 026114
-- Main Library Open Access Collection
995 ## -
-- ANNEX COLLECTION (Main Library)
-- 0.00
-- 728269
-- CBU-MAIN LIBRARY (Kitwe)
-- 3
-- 9.75
-- Q 181 Uni
-- 3
-- AVAILABLE
-- 026215
-- Annex Low-Usage Collection
999 ## -
-- 78798
-- 78798
Holdings
Withdrawn status Lost status Source of classification or shelving scheme Damaged status Not for loan Permanent Location Current Location Shelving location Date acquired Total Checkouts Full call number Barcode Date last seen Copy number Price effective from Koha item type
          CBU-MAIN LIBRARY, KITWE. CBU-MAIN LIBRARY, KITWE.   06/06/2023   Q 181 Uni 026113 06/06/2023 1 06/06/2023 MONOGRAPH
          CBU-MAIN LIBRARY, KITWE. CBU-MAIN LIBRARY, KITWE.   06/06/2023   Q 181 Uni 026114 06/06/2023 2 06/06/2023 MONOGRAPH
          CBU-MAIN LIBRARY, KITWE. CBU-MAIN LIBRARY, KITWE.   06/06/2023   Q 181 Uni 026215 06/06/2023 3 06/06/2023 MONOGRAPH